Online
Catalog

Selected poems y Luis de Góngora : (Record no. 39099)

MARC details
000 -CABECERA
campo de control de longitud fija 00654nam a2200181 a 4500
001 - NÚMERO DE CONTROL
campo de control 000039609
005 - FECHA Y HORA DE LA ÚLTIMA TRANSACCIÓN
campo de control 20201002033638.0
008 - DATOS DE LONGITUD FIJA--INFORMACIÓN GENERAL
campo de control de longitud fija 130711s2007 xxu 001 0 spa d
020 ## - NÚMERO INTERNACIONAL ESTÁNDAR DEL LIBRO
Número Internacional Estándar del Libro 9780226140599
040 ## - FUENTE DE LA CATALOGACIÓN
Centro catalogador/agencia de origen DO-SdBNP
Lengua de catalogación spa
Centro/agencia transcriptor BNPHU
041 17 - CÓDIGO DE LENGUA
Código de lengua del texto/banda sonora o título independiente eng
100 1# - ENTRADA PRINCIPAL--NOMBRE DE PERSONA
Nombre de persona Góngora y Argote, Luis de,
Fechas asociadas al nombre 1561-1627.
9 (RLIN) 15644
245 10 - MENCIÓN DE TÍTULO
Título Selected poems y Luis de Góngora :
Resto del título a bilingual edition /
Mención de responsabilidad, etc. Luis de Góngora y Argote ; edited and translated by John Dent-Young.
260 ## - PUBLICACIÓN, DISTRIBUCIÓN, ETC.
Lugar de publicación, distribución, etc. Chicago :
Nombre del editor, distribuidor, etc. The university of chicago press,
Fecha de publicación, distribución, etc. 2007.
300 ## - DESCRIPCIÓN FÍSICA
Extensión 270 p. :
Otras características físicas il., mapas ;
Dimensiones 24 cm.
504 ## - NOTA DE BIBLIOGRAFÍA, ETC.
Nota de bibliografía, etc. Bibliografía: p. 269-270
700 1# - PUNTO DE ACCESO ADICIONAL--NOMBRE DE PERSONA
Nombre de persona a Dent-Young, John.
9 (RLIN) 65781
Holdings
Estado de retiro Estado de pérdida Restricciones de uso No para préstamo Código de colección Localización permanente Ubicación/localización actual Ubicación en estantería Fecha de adquisición Número de inventario Total de préstamos Signatura topográfica completa Código de barras Fecha visto por última vez Precio válido a partir de Tipo de ítem Koha
      Excluido de préstamo Monografías: Libros y Folletos General General En catalogación 11.07.2013 LF1   39609-10 25.06.2020 25.06.2020 No se presta

Powered by Koha